000 00370 a2200109 4500
001 ART_13791
005 20260410161911.0
008 260409a
245 1 0 _aRelative price variability and inflation in the United States and Germany
100 1 _aFischer, Stanley
773 0 _tEuropean economic review
_g- Vol. 18, NÂș 1/2 (may./jun. 1982)
_wREV13346
999 _c26819
_d26819